Music Quiz

Random Music or Clickable Quiz

Opening Lyrics: Bob Dylan's Greatest Hits Quiz Stats

 Plays Quiz not verified by Sporcle

Challenge
Share
Tweet
Embed
Score 0/10 Timer 04:00
0 Plays Today
% Correct
Mr. Tambourine Man
99%
Blowin' In the Wind
96.9%
The Times They are A-Changin'
95.2%
Like a Rolling Stone
93.9%
Subterranean Homesick Blues
93.5%
It Ain't Me, Babe
91.5%
Rainy Day Women #12 & 35
87.4%
Just Like a Woman
85.7%
Positively 4th Street
83.7%
I Want You
80.6%

You're not logged in!

Compare scores with friends on all Sporcle quizzes.
Join for Free
OR
Log In

You Might Also Like...

Show Comments

Extras

Top Quizzes Today


Score Distribution

Your Account Isn't Verified!

In order to create a playlist on Sporcle, you need to verify the email address you used during registration. Go to your Sporcle Settings to finish the process.

Report this User

Report this user for behavior that violates our Community Guidelines.

Details: